Türkiye Imports by Country - Statistics

General Stats
  • This quiz has been taken 18 times
  • The average score is 14 of 20
Answer Stats
Value Country % Correct
$ 27 B Germany
100%
$ 16.2 B United States
94%
$ 44.9.B China
88%
$ 12.5 B France
88%
$ 44 B Russia
88%
$ 9.3 B Spain
88%
$ 6.8 B United Kingdom
88%
$ 19.3 B Italy
81%
$ 5 B Netherlands
81%
$ 3.8 B Belgium
75%
$ 3.8 B Brazil
69%
$ 7 B India
63%
$ 4.7 B Japan
63%
$ 5.5 B Poland
63%
$ 9.2 B South Korea
56%
$ 4.4 B Egypt
50%
$ 3.9 B Romania
44%
$ 11.1 B Switzerland
38%
$ 7.3 B United Arab Emirates
31%
$ 4.6 B Malaysia
25%
No matching quizzes found
Score Distribution
Percent of People with Each Score
Percentile by Number Answered
Your Score History
You have not taken this quiz